000 00934nam a2200253Ia 4500
003 OSt
005 20221005112213.0
006 a|||||r|||| 00| 0
007 ta
008 221004b |||||||| |||| 00| 0 pan d
020 _a8171433375 (hbk)
_c200
024 _a2802
037 _b704, 21/01/2013, Bright Book Service
_cTextual
040 _aCRL
_cCRL
_bpan
041 _2pan
_apan
082 _aQ8441:21:g, 153P3
100 _aਅੰਮ੍ਰਿਤਪਾਲ ਕੌਰ
245 0 _aFਬਦ ਸੰਚਾਰ
_b ਗੁਰਬਾਣੀ ਅਧਿਐਨ ਦੇ ਪਰਿਪੇਖ ਵਿਚ
260 _aਅੰਮ੍ਰਿਤਸਰ
_bਰਵੀ ਸਾਹਿਤ ਪ੍ਰਕਾFਨ ਭਾਰਤ
_c2003
300 _a200ਪੰ
_ccm.
650 _aਧਰਮ
942 _hQ8441:21:g, 153P3
_cTEXL
_2cc
999 _c1024176
_d1024176